000 00711nam 22002293 4500
001 193701
010 _a978-972-20-2786-0
021 _b290724/09
_aPT
090 _a193701
100 _a20250108d u||y0pory50 ba
101 _apor
200 _a35 Quilos de Esperança
_fAnna Gavalda
_gtradução de Augusto Afonso dos Reis
205 _a
210 _aAlfragide
_cPublicações Dom Quixote
_d2009
215 _a76, [4] p.
_cbrochado
_d20 cm
300 _aA partir dos 10 anos
606 _953
_aLiteratura Juvenil Francesa
675 _a821.133.1-93
_vPT
_zpor
700 _910120
_aGavalda
_bAnna
_f1970-
801 _aPT
_bBMMN
_gRPC
830 _cAna Caetano e Carlos Pinto
_fCarlos Pinto
_j24-09-2025
990 _cLIVROS